| 000 | 01160cam a2200349 a 4500 | ||
|---|---|---|---|
| 001 | 2371 | ||
| 005 | 20240701102500.0 | ||
| 020 | _a0375823018 (trade) | ||
| 020 | _a9780439570879 | ||
| 020 | _a0375923012 (lib. bdg.) | ||
| 020 | _a0375823026 (pbk.) | ||
| 040 |
_aDLC _cDLC _dDLC _beng |
||
| 050 | 0 | 0 | _aPZ7.P2197 |
| 082 | _a813 | ||
| 100 | 1 | _aPark, Barbara | |
| 245 | 1 | 0 |
_aJunie B., first grader : _bcheater pants / _cBarbara Park ; illustrated by Denise Brunkus. |
| 246 | 3 | 0 | _aCheater pants |
| 250 | _aFirst Scholastic paperback printing, September 2004 | ||
| 260 |
_aNew York : _bScholastic, _c2003 |
||
| 300 |
_a86 pages : _billustrations ; _c20 cm |
||
| 490 | 1 |
_aThe Junie B. Jones series ; _vBook 21 |
|
| 505 | _aJ | ||
| 520 | _aWhen her father will not let her stay up late to do her homework, first grader Junie B. copies a classmate's paper. | ||
| 521 |
_a500
_bLexile Adjusted |
||
| 521 |
_aJ
_bRaz-Plus |
||
| 650 | 1 |
_aCheating _vFiction. |
|
| 650 | 1 |
_aSchools _vFiction. |
|
| 650 | 1 | _aHumorous stories. | |
| 700 | 1 |
_aBrunkus, Denise _eillustrator |
|
| 906 |
_a7 _bcbc _corignew _d1 _eecip _f20 _gy-gencatlg |
||
| 942 |
_2ddc _cBK _n0 |
||
| 999 |
_c2371 _d2371 |
||